<?xml version="1.0" encoding="UTF-8"?>
<record
    xmlns:xsi="http://www.w3.org/2001/XMLSchema-instance"
    xsi:schemaLocation="http://www.loc.gov/MARC21/slim http://www.loc.gov/standards/marcxml/schema/MARC21slim.xsd"
    xmlns="http://www.loc.gov/MARC21/slim">

  <leader>00842nam a2200181 i 4500</leader>
  <controlfield tag="001">162377</controlfield>
  <controlfield tag="003">ES-MaACL</controlfield>
  <controlfield tag="005">20251003063141.0</controlfield>
  <controlfield tag="008">990125s1857    sp       c   |||| | spa d</controlfield>
  <datafield tag="100" ind1="1" ind2=" ">
    <subfield code="a">Poler&#xF3; y Toledo, Vicente, </subfield>
    <subfield code="d">1824-1911</subfield>
    <subfield code="9">92809</subfield>
  </datafield>
  <datafield tag="245" ind1="1" ind2="0">
    <subfield code="a">Cat&#xE1;logo de los cuadros del Real Monasterio de San Lorenzo, llamado del Escorial </subfield>
    <subfield code="b">: en el que se comprenden los del Real Palacio, Casino del Pr&#xED;ncipe y Capilla de la Fresneda / </subfield>
    <subfield code="c">redactado por Vicente Poler&#xF3; y Toledo.</subfield>
  </datafield>
  <datafield tag="260" ind1=" " ind2=" ">
    <subfield code="a">Madrid : </subfield>
    <subfield code="b">[s.n.], </subfield>
    <subfield code="c">1857 (</subfield>
    <subfield code="f">Imp. de Tejado)</subfield>
  </datafield>
  <datafield tag="300" ind1=" " ind2=" ">
    <subfield code="a">201 p. ; </subfield>
    <subfield code="c">20 cm.</subfield>
  </datafield>
  <datafield tag="610" ind1="2" ind2=" ">
    <subfield code="a">Monasterio de El Escorial.</subfield>
    <subfield code="9">5729</subfield>
  </datafield>
  <datafield tag="650" ind1=" " ind2="4">
    <subfield code="a">Pintura-</subfield>
    <subfield code="z">Monasterio de El Escorial-</subfield>
    <subfield code="v">Cat&#xE1;logos.</subfield>
    <subfield code="9">169665</subfield>
  </datafield>
  <datafield tag="852" ind1=" " ind2=" ">
    <subfield code="a">ES-MaACL</subfield>
    <subfield code="j">T-304-F-3 </subfield>
    <subfield code="z">- Enc. hol. </subfield>
    <subfield code="q">- Falto de cub. original </subfield>
    <subfield code="z">- Enc. en un vol. facticio</subfield>
  </datafield>
  <datafield tag="999" ind1=" " ind2=" ">
    <subfield code="c">162377</subfield>
    <subfield code="d">162377</subfield>
  </datafield>
  <datafield tag="952" ind1=" " ind2=" ">
    <subfield code="0">0</subfield>
    <subfield code="1">0</subfield>
    <subfield code="4">0</subfield>
    <subfield code="7">0</subfield>
    <subfield code="8">Colecci&#xF3;n_de_folletos</subfield>
    <subfield code="a">ATENEOM</subfield>
    <subfield code="b">ATENEOM</subfield>
    <subfield code="c">DEPOF</subfield>
    <subfield code="d">2008-01-17</subfield>
    <subfield code="l">0</subfield>
    <subfield code="o">T-304-F-3</subfield>
    <subfield code="p">1170112</subfield>
    <subfield code="r">2023-02-23 00:00:00</subfield>
    <subfield code="w">2023-02-23</subfield>
    <subfield code="y">FOLLETOS</subfield>
  </datafield>
</record>
